(کچھ پورانے خط (حصہ دوم / (Record no. 174330)

MARC details
000 -LEADER
fixed length control field 00585nam a22001937a 4500
005 - DATE AND TIME OF LATEST TRANSACTION
control field 20200605142940.0
010 ## - LCCN (DPL NO)
LC control number 209334
020 ## - INTERNATIONAL STANDARD BOOK NUMBER
Terms of availability 8.00
035 ## - SYSTEM CONTROL NUMBER
System control number 209334
037 ## - SOURCE OF ACQUISITION
Source of stock number/acquisition BPPD/Pub.
082 ## - DEWEY DECIMAL CLASSIFICATION NUMBER
Classification number 846
100 ## - MAIN ENTRY--PERSONAL NAME
Personal name نہرو ، جواہر لعل
245 ## - TITLE STATEMENT
Title (کچھ پورانے خط (حصہ دوم /
Statement of responsibility, etc جواہر لعل نہرو
246 ## - VARYING FORM OF TITLE
Title proper/short title Kuch Purane Khat vol.II (Urdu) /
Remainder of title by Jawahar Lal Nehru
260 ## - PUBLICATION, DISTRIBUTION, ETC. (IMPRINT)
Place of publication, distribution, etc Delhi
Name of publisher, distributor, etc Maktaba Jamia
Date of publication, distribution, etc ء1962
270 ## - ADDRESS
Address Urdu Bazar
City Delhi
Postal code 110006
300 ## - PHYSICAL DESCRIPTION
Extent 430p.
Dimensions 22cm(Hb)
942 ## - ADDED ENTRY ELEMENTS (KOHA)
Source of classification or shelving scheme Dewey Decimal Classification
Item type Urdu Bks
Classification part 846
Call number suffix ن ہ ر
Holdings
Withdrawn status Lost status Not for loan Collection code Home library Current library Date acquired Source of acquisition Cost, normal purchase price Full call number Barcode Copy number Cost, replacement price Koha item type
      Non-fiction Central Library Central Library 05/06/2020 BPPD/Ven. 8.00 846 ن ہ ر 209334 1 8.00 Urdu Bks

© Delhi Public Library
Hit Counter
free hit counter